000 00545nam a2200193 i 4500
001 bg
100 1 _aBATTERSBY, Alan.
245 0 0 _aInstant grammar lessons :
_bphotocopiable lessons for intermediate classes /
_cAlan Battersby.
260 _aHove :
_bLTP,
_c1998.
300 _a110 p. ;
_c30 cm.
650 9 _aJęzyk angielski
_xgramatyka
_xnauczanie
020 _a1899396403
040 _cBPK
041 0 _aen
080 _a372.881.111.1:811.111'36
920 _a1-899396-40-3
942 _cKS
008 s pl f |000 0 pol
999 _c38637
_d38637